000 00561nam a22001577a 4500
008 090131t xxu||||| |||| 00| 0 eng d
040 _adpl
082 _a370
245 _aBharateeya shikshan
260 _aMumabi
_bBSM Prakashan
_c2008-
300 _av.
_c24 cm
310 _amonthly
270 _a189, D-43, Ashish Co-op Soc., Sector-1, Kandivili
_bMumbai
_e400067
_k28691908
_l28691503
_mbsmmumbai@mtnl.net.in
942 _2ddc
_cSR
_h370
_mBHA
_s1
999 _c22711
_d22711